One Direction(: - Statistics

General Stats
  • This quiz has been taken 1,808 times
  • The average score is 13 of 20
Answer Stats
Hint Answer % Correct
Whose birthday is February 1? Harry
99%
Whose birthday is August 29? Liam
99%
Whose birthday is also a holiday? Louis
99%
Whose birthday is September 13? Niall
99%
Whose birthday is January 12? Zayn
99%
Niall ____ Horan James
85%
Harry ____ Styles Edward
84%
T or F: Harry's first name is really Harold. False
83%
Liam ____ Payne James
83%
Niall's favorite restaurant is...? Nando's
81%
Whose audition song was "Hey There Delilah"? Louis
75%
Louis ____ Tomlinson William
72%
Zayn _____ Malik Javaad
62%
The "Sixth Member" of the band Ed Sheeran
60%
"Until I find the right girl, I have _____." -Harry Louis
54%
"I'm the kind of guy who would fall in love with any girl, because I love with my ___ not my ___." --Niall heart, eyes
29%
If it were legal, what would Niall marry? Food
27%
Where did the boys go after their concert at MSG? McDonald's
8%
One of Niall's mancrushes is _____. Michael Buble
7%
For The Beatles week on XFactor, the boys sang what song? All You Need is Love
6%
No matching quizzes found
Score Distribution
Percent of People with Each Score
Percentile by Number Answered
Your Score History
You have not taken this quiz